000 00772nam a22002057a 4500
003 GR-AtMCL
005 20260319111745.0
006 a|||||r|||||||||||
008 s2004||||gr |||e b||| 000 eng d
020 _a9608833140
040 _aGR-AtMCL
_bgre
_dGR-AtMCL
_eAACR2
245 0 0 _aAspects of globalisation, regionalisation and business /
_cedited by Ioannis - Dionysios Salavrakos
260 _aAthens :
_bInstitute for Education and Research,
_c2004
300 _a409 σ. ;
_c26 εκ.
650 0 7 _aΠαγκοσμιοποίηση
_xΚοινωνικές απόψεις
_vΣυνέδρια
650 0 0 _aΔιοίκηση Επιχειρήσεων
_99939
700 _aΣαλαβράκος, Ιωάννης-Διονύσιος
_910336
942 _cBK
999 _c10119
_d10119